Famous historical people from Europe - Map Quiz - Statistics

General Stats
  • This quiz has been taken 639 times
  • The average score is 13 of 44
Answers on the Map
Answers color-coded by a green-red scale on the quiz's map according to % correct below.
 
Answer Stats
Answer % Correct
Charles de Gaulle
78%
Pablo Picasso
73%
Galileo Galilei
67%
Vincent van Gogh
66%
Vasco da Gama
65%
Alfred Nobel
62%
Hans Christian Andersen
61%
Marie Curie
61%
Oscar Wilde
60%
Stephen Hawking
60%
Pericles
57%
Leo Tolstoy
55%
Johann Sebastian Bach
53%
Leif Erikson
50%
Mother Teresa
43%
Roald Amundsen
42%
Leonid Brezhnev
37%
Erwin Schrödinger
34%
Jan Hus
30%
Zsa Zsa Gabor
29%
Jean Sibelius
26%
Rene Magritte
25%
Leonhard Euler
16%
Marino Capicchioni
15%
Guillem d'Areny-Plandolit
13%
Adem Demaçi
11%
Ludvig Puusepp
11%
Henri Coandă
10%
Marc Chagall
10%
Josef Rheinberger
9%
Katarina Kosača-Kotromanić
9%
Jonas Kubilius
8%
Matija Zmajević
8%
Jozef Murgaš
6%
Louis Chiron
6%
Assen Jordanoff
5%
Grigore Vieru
5%
Ivan Cankar
4%
Mihajlo Pupin
4%
William Justin Kroll
4%
Annie Londonderry
3%
Atina Bojadži
3%
Fausto Veranzio
3%
Mikel Scicluna
3%
No matching quizzes found
Score Distribution
Percent of People with Each Score
Percentile by Number Answered
Your Score History
You have not taken this quiz